EVERY Language and Dialect in Europe - Statistics

General Stats
  • This quiz has been taken 744 times
    653 since last reset
  • The average score is 71 of 136
Answer Stats
Language Family Flag Speakers Language % Correct
Slavic 110,000,000 Russian
99%
Slavic 40,000,000 Polish
98%
Slavic 27,000,000 Ukrainian
98%
Slavic 10,700,000 Czech
97%
Germanic 80,000,000 German
97%
Slavic 7,000,000 Croatian
96%
Germanic 71,000,000 English
96%
Germanic 10,000,000 Swedish
96%
Germanic 24,000,000 Dutch
95%
Romance 65,000,000 Italian
95%
Slavic 12,000,000 Serbian
95%
Slavic 5,000,000 Slovak
95%
Slavic 2,500,000 Bosnian
94%
Slavic 7,600,000 Bulgarian
94%
Germanic 6,000,000 Danish
94%
Slavic 1,600,000 Macedonian
94%
Slavic 2,500,000 Slovene
94%
Slavic 5,100,000 Belarusian
93%
Romance 63,650,000 French
93%
Indo-Iranian 4,800,000 Romani
93%
Romance 40,000,000 Spanish
93%
Uralic 5,800,000 Finnish
92%
Germanic 5,320,000 Norwegian
92%
Romance 10,330,000 Portuguese
92%
Baltic 1,200,000 Estonian
91%
Uralic 17,000,000 Hungarian
91%
Romance 23,800,000 Romanian
91%
Hellenic 11,100,000 Greek
90%
Celtic 60,000 Irish
90%
Germanic 357,000 Icelandic
89%
Other Indo-European 6,100,000 Albanian
88%
Turkic 11,960,000 Turkish
88%
Germanic 14,000,000 Bavarian
86%
Baltic 1,500,000 Latvian
86%
Celtic 562,000 Welsh
86%
Baltic 3,000,000 Lithuanian
85%
Slavic 230,000 Montenegrin
84%
Celtic 57,000 Scottish Gaelic
84%
Germanic 430,000 Luxembourgish
83%
Romance 4,100,000 Catalan
82%
Semitic 530,000 Maltese
81%
Romance 4,700,000 Sicilian
78%
Romance 1,000,000 Sardinian
75%
Germanic 72,000 Faroese
74%
Germanic 7,162,000 Alemannic German
72%
Romance 150,000 Corsican
72%
Language Isolate 750,000 Basque
68%
Germanic 470,000 West Frisian
67%
Celtic 210,000 Breton
66%
Celtic 100 Manx
66%
Germanic 90,000 Scots
66%
Romance 3,900,000 Venetian
66%
Romance 2,400,000 Galician
65%
Germanic 600,000 Yiddish
65%
Uralic 30,000 Sámi Languages
64%
Celtic 471 Cornish
63%
Turkic 4,280,000 Tatar
63%
Germanic 6,500,000 Flemish
62%
Romance 60,000 Romansh
60%
Caucasian 1,300,000 Chechen
58%
Romance 789,000 Occitan
58%
Romance 3,800,000 Lombard
56%
Romance 5,700,000 Neapolitan
56%
Iranian 450,000 Ossetian
55%
Turkic 580,000 Crimean Tatar
53%
Slavic 460,000 Silesian
53%
Slavic 70,000 Rusyn
51%
Slavic 30,000 Sorbian
51%
Romance 300,000 Walloon
50%
Romance 41,000 Ladin
49%
Slavic 108,000 Kashubian
48%
Romance 11,000 Aragonese
46%
Uralic 19,000 Karelian
46%
Romance 600,000 Ligurian
44%
Romance 633,600 Asturian
41%
Romance 2,000,000 Piedmontese
41%
Mongolic 80,000 Kalmyk
40%
Romance 210,000 Aromanian
39%
Romance 420,000 Friulian
39%
Uralic 470,000 Hill Mari/Meadow Mari
39%
Caucasian 305,000 Ingush
39%
Germanic 1,300,000 Limburgish
39%
Uralic 324,000 Udmurt
39%
Turkic 1,040,000 Chuvash
38%
Turkic 1,150,000 Bashkir
36%
Romance 4,400,000 Emiliano-Romagnol
35%
Germanic 820,000 Swabian German
34%
Turkic 148,000 Gagauz
33%
Uralic 160,000 Komi-Zyrian
33%
Romance 15,000 Mirandese
33%
Romance 150,000 Extremaduran
32%
Romance 175,000 Franco-Provençal
32%
Uralic 49,000 Nenets
30%
Romance 700,000 Picard
30%
Caucasian 128,000 Adyghe
29%
Romance 51,000 Ladino
28%
Uralic 76 Ingrian
27%
Caucasian 800,000 Avar
26%
Germanic 5,000,000 Low Saxon
25%
Germanic 900,000 Alsatian
23%
Romance 2,800 Jèrriais
23%
Baltic 200,000 Latgalian
23%
Uralic 130,000 Moksha
23%
Turkic 300,000 Karachay-Balkar
22%
Turkic 87,000 Nogai
22%
Uralic 36,000 Erzya
21%
Romance 200 Guernésiais
19%
Caucasian 590,000 Kabardian
19%
Uralic 1,300 Veps
19%
Germanic 220,000 Zeelandic
19%
Baltic 88,000 Võro
18%
Hellenic 2,000 Calabrian Greek
16%
Germanic 10,000 North Frisian
16%
Other Indo-European 100,000 Arbëresh
15%
Germanic 2,000 East (Saterland) Frisian
15%
Turkic 450,000 Kumyk
13%
Caucasian 37,000 Abaza
11%
Romance 3,000 Cantabrian
11%
Germanic 2,400 Elfdalian
11%
Romance 10,500 Fala
11%
Caucasian 152,000 Lak
11%
Romance 100,000 Sassarese
11%
Uralic 63,000 Komi-Permyak
10%
Turkic 180,000 Urum
10%
Other Indo-European 150,000 Arvanitika
9%
Germanic 3,000 Gutnish
9%
Caucasian 630,000 Lezgin
9%
Caucasian 34,000 Rutul
9%
Caucasian 29,000 Aghul
8%
Romance 2,600 Aranese
8%
Caucasian 126,000 Tabasaran
8%
Romance 100,000 Gallurese
7%
Slavic 50,000 Burgenland Croatian
6%
Germanic 400 Cimbrian
6%
Germanic 1,660 Mòcheno
5%
Romance 1,500 Barranquenho
3%
No matching quizzes found
Score Distribution
Percent of People with Each Score
Percentile by Number Answered
Your Score History
You have not taken this quiz since the last reset